Going Going Gone Lyrics (Lucy Dacus) - Statistics

General Stats
  • This quiz has been taken 24 times
  • The average score is 149 of 185
Answer Stats
Answer % Correct
a
100%
after
92%
After
92%
and
92%
go
92%
gone
92%
always
83%
at
83%
be
83%
bed"
83%
before
83%
bench
83%
bench,
83%
braces,
83%
brackets
83%
by
83%
class
83%
dad
83%
dark
83%
dinner,
83%
Earth
83%
eight
83%
for
83%
going
83%
Going
83%
Going,
83%
going,
83%
had
83%
hand
83%
he
83%
home
83%
I
83%
if
83%
in
83%
It
83%
just
83%
kill
83%
late
83%
lips
83%
Locking
83%
me
83%
meet
83%
Mother
83%
My
83%
No,
83%
now
83%
now,
83%
ooh,
83%
ooh
83%
out
83%
out,
83%
park
83%
pass
83%
ready
83%
red
83%
resisted
83%
said,
83%
same
83%
sky
83%
sun
83%
sunset
83%
sure
83%
tantrum
83%
ten
83%
the
83%
The
83%
threw
83%
"Time
83%
to
83%
was
83%
Wasn't
83%
wasn't
83%
We
83%
We'd
83%
went
83%
were
83%
would
83%
years
83%
yet
83%
Another
75%
asses,
75%
averted
75%
Back
75%
beers
75%
break
75%
can't
75%
Daniel
75%
daughter
75%
day
75%
down
75%
down,
75%
end
75%
eyes
75%
flirting
75%
Grabbing
75%
grow
75%
habit
75%
have
75%
he'll
75%
her
75%
I'll
75%
made
75%
of
75%
on
75%
She'll
75%
started
75%
stop
75%
trading
75%
up
75%
Watching
75%
jackets
67%
Like
67%
making
67%
plans
67%
spilling
67%
battle
58%
bloody
58%
cloud
58%
ended
58%
pulling
58%
teeth
58%
color
50%
filtered
50%
hats
50%
palms,
50%
Sweaty
50%
Stealing
42%
No matching quizzes found
Score Distribution
Percent of People with Each Score
Percentile by Number Answered
Your Score History
You have not taken this quiz